Quiz o minecraft ( java edition ) - Statystyki

Ogólne statystyki
  • Ten quiz został rozwiązany 49 razy
  • Średni wynik to 4 z 10
Statystyki odpowiedzi
Zagadnienie Odpowiedź % Poprawnych
Który mob wybucha, gdy podejdzie zbyt blisko? Creeper
100%
Który mob jest ślepy? warden
90%
Ile serc ma Ender Dragon? 100
48%
Na jakiej dokładnie wysokości (Y-level) w wersji 1.20+ występuje największa szansa na znalezienie rudy diamentu? -53
43%
Ile maksymalnie punktów Protection (EPF – Enchantment Protection Factor) może zostać realnie wykorzystane do redukcji obrażeń? 20
33%
Ile zadaje netherytowy miecz z sharpness IV, protection IV i Strength I jeśli masz całą żelazną zbroję? 7,5
23%
Ile zadaje warden ( nadzorca ) na hita na poziomie normal? 15
20%
Jaki jest najpopularniejszy server w Polsce? CraftMC.PL
18%
ile zadaje komenda /kill? 3 402 823 466 385 288 600 000 000 000 000 000 000 HP)
15%
Jaka jest maksymalna liczba serc, które może zadać jeden cios mieczem w Survivalu (bez komend), przy idealnych warunkach? 31,5
5%
Nie znaleziono quizów pasujących do podanych kryteriów
Rozkład punktacji
Procent ludzi z każdym wynikiem
Percentyl według liczby udzielonych odpowiedzi
Twoja historia wyników
Nie rozwiązałeś tego quizu